Statistics for Taylor Swift - Reputation Track Listing

Click here to take the quiz!

General Stats

  • This quiz has been taken 85 times
  • The average score is 12 of 15

Answer Stats

Track% Correct
1...Ready For It?
100%
2End Game
93%
5Delicate
85%
12Dress
84%
3I Did Something Bad
84%
6Look What You Made Me Do
82%
15New Year's Day
82%
14Call It What You Want
81%
4Don't Blame Me
81%
9Getaway Car
81%
8Gorgeous
81%
7So It Goes...
81%
11Dancing With Our Hands Tied
79%
10King Of My Heart
78%
13This Is Why We Can't Have Nice Things
75%

Score Distribution

Percentile by Number Answered

Percent of People with Each Score

Your Score History

You have not taken this quiz